000 00561nam a2200193Ia 4500
003 GCL
005 20240530101829.0
008 140319s9999 xx 000 0 ara d
040 _aGCL /
_cGCL
082 0 4 _a811.094
_bو ب
100 1 _aوديع سعادة
245 1 0 _aبسبب غيمة على الارجح /
_cوديع سعادة
260 _a[S.N] :
_bدار الجديد ،
_c1992
300 _a76 ص
650 0 4 _aالادب العربى
650 0 4 _aالشعر
650 0 4 _aالشعر العربى - العصر الحديث
942 _2ddc
_cBK
999 _c28020
_d28020